| 000 | 02339nam a2200313 i 4500 | ||
|---|---|---|---|
| 003 | DO-SdBNP | ||
| 005 | 20260508094645.0 | ||
| 007 | ta | ||
| 008 | 260506b2025 dr a|||| |||| 00| 0 spa d | ||
| 020 | _a9789945625585 | ||
| 040 |
_aDO-SdBNP _bspa _cBNPHU _erda |
||
| 041 | _aspa | ||
| 082 | 4 |
_axxx _bG393e _222 |
|
| 245 | 1 | 3 |
_aLa gestión educativa en la educación superior : _bretos y oportunidades / _ccompiladores, Edith Juliana Cisneros Chacón, José Gabriel Domínguez Castillo. |
| 250 | _aPrimera edición | ||
| 264 | 4 |
_aSantiago de los Caballeros, República Dominicana : _bUniversidad Abierta para Adultos, _c©2025. |
|
| 300 |
_a215 páginas : _bilustraciones ; _c23 cm. |
||
| 336 |
_atexto _btxt _2rdacontent |
||
| 337 |
_asin mediación _bn _2rdamedia |
||
| 338 |
_avolumen _bnc _2rdacarrier |
||
| 490 | 1 |
_aColección libros de investigación _v10 |
|
| 490 | 1 | _aEducación y sociedad | |
| 505 |
_aIntroducción -- _tLa afectividad como factor importante para la gestión educativa en los entornos virtuales / _rSergio Humberto Quiñonez Pech -- _rJosé Israel Méndez Ojeda -- _rÁngel Alpuche Rivera -- _tIdentificación de retos en la gestión escolar de la educación a distancia / _rGabriel Domínguez Castillo -- _rEdith Juliana Cisneros Chacón -- _rMari Carmen Alonzo Godoy -- _rJulio Isaac Vega Cauicha -- _tLa cultura inclusiva como motor de cambio. Análisis del Modelo Index en las gestión de los centros educativos españoles / _rJosé Manuel Ortiz Marcos -- _rAna Isabel Invernón-Gómez -- _rMaría Piedad Castaño-Morillo -- _rAlfonso López-Ruiz -- _tGestión del cambio en la comunicación interna de un centro educativo / _rLeonor Elena López-Canto -- _rSilvia Isabel Salazar-Ceballos -- _rRuth Noemi Ojeda-López -- _tViolencia escolar: impactos y desafíos para la gestión educativa / _rÁngel Martín Aguilar Riveroll -- _tEducación superior y justicia social: desafíos y alternativas en la gestión de políticas educativas en Latinoamérica / _rLuis Cervera Perera -- _rGalo E. López Camboa -- _rÁngel Martín Aguilar Riveroll -- |
||
| 700 | 1 |
_aCisneros Chacón, Edith Juliana, _ecompilador _4comp. _989486 |
|
| 700 | 1 |
_aDomínguez Castillo, José Gabriel, _ecompilador _4comp. _989487 |
|
| 830 | 0 |
_aColección libros de investigación _n10 _pEducación y sociedad _989488 |
|
| 910 | _aLP | ||
| 942 |
_2ddc _cLBS1 |
||
| 999 |
_c60679 _d60679 |
||